Central Library OPAC University of Rajshahi

Biosafety in Microbiological and Biomedical Laboratories / (Record no. 82052)

MARC details
000 -LEADER
fixed length control field 00924nam a2200253 a 4500
001 - CONTROL NUMBER
control field 82052
003 - CONTROL NUMBER IDENTIFIER
rucl marc code BD-RjUL
005 - DATE AND TIME OF LATEST TRANSACTION
control field 20231005120722.0
008 - FIXED-LENGTH DATA ELEMENTS--GENERAL INFORMATION
fixed length control field 231005s2009 wau||||| |||| 00| 0 eng d
035 ## - SYSTEM CONTROL NUMBER
System control number (BD-RjUL)82052
040 ## - CATALOGING SOURCE
Original cataloging agency BD-RjUL
Language of cataloging eng
Transcribing agency BD-RjUL
041 ## - LANGUAGE CODE
Language code of text/sound track or separate title eng
082 ## - DEWEY DECIMAL CLASSIFICATION NUMBER
Edition number 23
Classification number 610.2840289
Author mark and year BIO 2009
245 ## - TITLE STATEMENT
Title Biosafety in Microbiological and Biomedical Laboratories /
Statement of responsibility, etc. U.S. Department of Health and Human Services
250 ## - EDITION STATEMENT
Edition statement 5th ed., rev.
260 ## - PUBLICATION, DISTRIBUTION, ETC. (IMPRINT)
Place of publication, distribution, etc. Washington D.C.:
Name of publisher, distributor, etc. Centers for Disease Control and Prevention,
Date of publication, distribution, etc. 2009
300 ## - PHYSICAL DESCRIPTION
Pagination xxii, 415 pages :
Illustrations illustrations ;
Size 23 cm.
500 ## - GENERAL NOTE
General note Includes index.
650 ## - SUBJECT ADDED ENTRY--TOPICAL TERM
Topical term or geographic name as entry element Medical laboratories
General subdivision Safety measures
9 (RLIN) 9377
Topical term or geographic name as entry element Microbiological laboratories
General subdivision Safety measures
9 (RLIN) 9378
700 ## - ADDED ENTRY--PERSONAL NAME
Personal name U.S. Department of Health and Human Services
710 ## - ADDED ENTRY--CORPORATE NAME
Corporate name or jurisdiction name as entry element U.S. Department of Health and Human Services
9 (RLIN) 9380
942 ## - ADDED ENTRY ELEMENTS (KOHA)
Source of classification or shelving scheme Dewey Decimal Classification
Koha item type Books
Holdings
Lost status Source of classification or shelving scheme Damaged status Not for loan Collection code Permanent Location Current Location Shelving location Date acquired Source of acquisition Cost, normal purchase price Total Checkouts Full call number Date last seen Copy number Koha item type
  Dewey Decimal Classification   Not For Loan Non-fiction Central Library, University of Rajshahi Central Library, University of Rajshahi Reading Room 03/08/2023 Dhaka: Omni Concept 1500.00   610.2840289 BIO 2009 05/10/2023 C-1 Books
  Dewey Decimal Classification     Non-fiction Central Library, University of Rajshahi Central Library, University of Rajshahi General Stacks 03/08/2023 Dhaka: Omni Concept 1500.00   610.2840289 BIO 2009 05/10/2023 C-2 Books